ბათუმის შოთა რუსთაველის სახელმწიფო უნივერსიტეტის ბიბლიოთეკა

მოკლე ეკონომიკური ცნობარი / (ბიბ.ჩანაწერი № 63813)

000 -ლიდერი
ფიქსირებული სიგრძის საკონტროლო ველი 00942nam a2200193 4500
003 - საკონტროლო ნომრის იდენტიფიკატორი
საკონტროლო ველი Ge_BSU
005 - ბოლო ოპერაციის თარიღი და დრო
საკონტროლო ველი 20260120210548.0
008 - ფიქსირებული სიგრძის მონაცემთა ელემენტები - ზოგადი ინფორმაცია
ფიქსირებული სიგრძის საკონტროლო ველი 260120s1986 ge ||||| |||| 00| 0 geo d
041 ## - ენის კოდი
Language code of text/sound track or separate title geo
080 ## - უნივერსალური ათობითი კლასიფიკაციის ინდექსი
Universal Decimal Classification number 330.1(035) მ-82
245 ## - ცნობა სათაურის შესახებ
Title მოკლე ეკონომიკური ცნობარი /
Statement of responsibility, etc [შემდგ.: ი. ბაქრაძე, პ. გარუჩავა, ჯ. კახნიაშვილი და სხვა].
264 ## - წარმოების, გამოცემის, დისტრიბუციის და სხვა ცნობები
გამოცემის, წარმოების, დისტრიბუციის... ადგილი თბ. :
გამოცემის, წარმოების, დისტრიბუციის... სახელწოდება თბილ. უნ-ტის გამ-ბა,
გამოცემის, წარმოების, დისტრიბუციის... თარიღი 1986.
300 ## - ფიზიკური აღწერა
Extent 96 გვ. ;
Other physical details 19 სმ.
653 ## - INDEX TERM--UNCONTROLLED
Uncontrolled term ეკონომიკა - ცნობარები.
700 ## - ADDED ENTRY--PERSONAL NAME
Personal name ბაქრაძე, ი.
Relator term შემდგენელი
9 (RLIN) 3093
700 ## - ADDED ENTRY--PERSONAL NAME
Personal name გარუჩავა, პ.
Relator term შემდგენელი
9 (RLIN) 26711
700 ## - ADDED ENTRY--PERSONAL NAME
Personal name კახნიაშვილი, ჯ.
Relator term შემდგენელი
9 (RLIN) 26712
942 ## - ADDED ENTRY ELEMENTS (KOHA)
Source of classification or shelving scheme
Koha item type წიგნი

არაა ხელმისაწვდომი ეგზემპლარები.